| 000 | 00729nam a22002770a 4500 | ||
|---|---|---|---|
| 001 | PT32913 | ||
| 003 | AR-LpoUNG | ||
| 005 | 20210131230043.0 | ||
| 008 | 191001s1972||||fr |||||||||||||||||fre d | ||
| 040 |
_aAR-LpoUNG _bspa _cAR-LpoUNG _eaacr |
||
| 041 | _afre | ||
| 044 | _afr | ||
| 082 | 0 | _aR410.3 843dic | |
| 100 | 1 | _aDucrot, Oswald | |
| 245 | 1 | 0 | _aDictionnaire encyclopédique des sciences du langage |
| 250 | _a1ra. ed. | ||
| 260 |
_aParís : _bDu Seuil, _c1972. |
||
| 300 |
_a470 p. : _btbls., gráfs. |
||
| 650 | 4 | _aLINGÜISTICA | |
| 650 | 4 | _aMATERIAL DE REFERENCIA | |
| 650 | 4 | _aSEMIOTICA | |
| 651 | 4 | _aDOCUMENTOS TEORICOS O METODOLOGICOS | |
| 700 | 1 | _aTodorov, Tzvetan | |
| 905 | _a32913 | ||
| 942 | _cLSALA | ||
| 999 |
_c1086 _d1086 |
||